| 000 | 00353nam a22001337a 4500 | ||
|---|---|---|---|
| 008 | 230619b xxu||||| |||| 00| 0 eng d | ||
| 020 | _a0177712122X | ||
| 082 |
_a301.6 _bCOH |
||
| 100 | _cA.S Cohan | ||
| 245 |
_atheories of Introducyion _bAn Introduction |
||
| 260 |
_aGreat Britain _bThomas nelson & sons ltd _c1975 |
||
| 300 | _a228p | ||
| 942 |
_2ddc _cBK |
||
| 999 |
_c1293 _d1293 |
||